[Event "POL-ch (Women)"]
[Site "Wroclaw"]
[Date "1987.??.??"]
[Round "1"]
[White "Brustman, Agnieszka"]
[Black "Laszewska, Izabela"]
[Result "1-0"]
[WhiteElo "2335"]
[BlackElo "2150"]
[PlyCount "45"]
[EventDate "1987.??.??"]
[EventType "tourn"]
[EventRounds "15"]
[EventCountry "POL"]
[SourceTitle "EXT 1997"]
[Source "ChessBase"]
[SourceDate "1996.11.15"]
[SourceVersion "1"]
[SourceVersionDate "1996.11.15"]
[SourceQuality "1"]

1. e4 e6 2. d4 d5 3. Nd2 Nf6 4. e5 Nfd7 5. c3 c5 6. f4 Nc6 7. Ndf3 Qb6 8. g3 Be7 9. Bh3 cxd4 10. cxd4 0-0 11. Ne2 a5 12. 0-0 a4 13. Kh1 Qa7 14. f5 exf5 15. Bxf5 Nb6 16. Bb1 Bg4 17. Qd3 g6 18. Bh6 Rfe8 19. Qe3 Nc4 20. Qf4 Bxf3+ 21. Qxf3 Nd8 22. Qxd5 Nxb2 23. Qb5 1-0

[Event "POL-ch (Women)"]
[Site "Wroclaw"]
[Date "1987.??.??"]
[Round "4"]
[White "Laszewska, Izabela"]
[Black "Jalowiec, Halina"]
[Result "1-0"]
[WhiteElo "2150"]
[BlackElo "2000"]
[PlyCount "79"]
[EventDate "1987.??.??"]
[EventType "tourn"]
[EventRounds "15"]
[EventCountry "POL"]
[SourceTitle "EXT 1997"]
[Source "ChessBase"]
[SourceDate "1996.11.15"]
[SourceVersion "1"]
[SourceVersionDate "1996.11.15"]
[SourceQuality "1"]

1. e4 d5 2. exd5 Nf6 3. c4 c6 4. d4 cxd5 5. Nc3 e6 6. Nf3 Bb4 7. cxd5 Nxd5 8. Bd2 Nc6 9. a3 Be7 10. Ne4 Qb6 11. Bc3 Nxc3 12. bxc3 f5 13. Ned2 Qb2 14. Rc1 Bxa3 15. Rc2 Qb6 16. Nc4 Qb3 17. Nfd2 Qa4 18. Qb1 b5 19. Nb6 axb6 20. Bxb5 Qa7 21. Bxc6+ Bd7 22. Bxa8 Qxa8 23. 0-0 Qc6 24. Qb3 Bd6 25. Nc4 Bc7 26. Re1 Qd5 27. Qb4 Bc6 28. f3 b5 29. Ne3 Qd7 30. Nxf5 Kf7 31. Rce2 Re8 32. Ng3 Bd6 33. Qb1 h6 34. Nf1 Bf8 35. Ne3 b4 36. Ng4 Kg8 37. Ne5 Qd5 38. Nxc6 Qxc6 39. cxb4 Qc4 40. b5 1-0

[Event "POL-ch (Women)"]
[Site "Wroclaw"]
[Date "1987.??.??"]
[Round "9"]
[White "Laszewska, Izabela"]
[Black "Strzalka, Joanna"]
[Result "1/2-1/2"]
[WhiteElo "2150"]
[BlackElo "2170"]
[PlyCount "84"]
[EventDate "1987.??.??"]
[EventType "tourn"]
[EventRounds "15"]
[EventCountry "POL"]
[SourceTitle "EXT 1997"]
[Source "ChessBase"]
[SourceDate "1996.11.15"]
[SourceVersion "1"]
[SourceVersionDate "1996.11.15"]
[SourceQuality "1"]

1. e4 e5 2. Nf3 Nc6 3. Bc4 Nf6 4. d3 Bc5 5. c3 d6 6. 0-0 0-0 7. b4 Bb6 8. a4 a6 9. a5 Ba7 10. Nbd2 Ne7 11. Re1 Ng4 12. Re2 Kh8 13. h3 Nh6 14. Nf1 f5 15. N1h2 Ng6 16. exf5 Bxf5 17. Bg5 Qc8 18. d4 Bxh3 19. gxh3 Qxh3 20. Re4 c6 21. Qf1 Rxf3 22. Nxf3 Qxf3 23. Re3 Qf5 24. Bxh6 Rf8 25. Bxg7+ Kxg7 26. Bd3 Qf6 27. Bxg6 hxg6 28. Rae1 exd4 29. Re7+ Rf7 30. Rxf7+ Qxf7 31. Qh3 dxc3 32. Qxc3+ Kg8 33. Re2 Qf5 34. Qg3 Bd4 35. Kg2 Be5 36. Qh3 Qg5+ 37. Kf1 Qc1+ 38. Re1 Qc4+ 39. Re2 Qxb4 40. Qe6+ Kg7 41. Qe7+ Kh6 42. Re3 Qc4+ 1/2-1/2

[Event "POL-ch (Women)"]
[Site "Wroclaw"]
[Date "1987.??.??"]
[Round "3"]
[White "Rzeczycka, Bozena"]
[Black "Laszewska, Izabela"]
[Result "1-0"]
[WhiteElo "2180"]
[BlackElo "2150"]
[PlyCount "49"]
[EventDate "1987.??.??"]
[EventType "tourn"]
[EventRounds "15"]
[EventCountry "POL"]
[SourceTitle "EXT 1997"]
[Source "ChessBase"]
[SourceDate "1996.11.15"]
[SourceVersion "1"]
[SourceVersionDate "1996.11.15"]
[SourceQuality "1"]

1. e4 e6 2. d4 d5 3. Nd2 Nf6 4. e5 Nfd7 5. Bd3 c5 6. c3 Nc6 7. Ne2 cxd4 8. cxd4 f6 9. exf6 Nxf6 10. Nf3 Bd6 11. Bf4 0-0 12. Bxd6 Qxd6 13. 0-0 Ng4 14. Ng3 Qf4 15. h3 Nxf2 16. Kxf2 Qh4 17. Qe1 Nxd4 18. Qe3 Rf4 19. Rad1 e5 20. Qxe5 Nxf3 21. Qxd5+ Kh8 22. gxf3 Bxh3 23. Rh1 Raf8 24. Be4 Qg4 25. Rxh3 1-0

[Event "POL-ch (Women)"]
[Site "Wroclaw"]
[Date "1987.??.??"]
[Round "12"]
[White "Sikora Gizynska, Bozena"]
[Black "Laszewska, Izabela"]
[Result "1-0"]
[WhiteElo "2155"]
[BlackElo "2150"]
[PlyCount "80"]
[EventDate "1987.??.??"]
[EventType "tourn"]
[EventRounds "15"]
[EventCountry "POL"]
[SourceTitle "EXT 1997"]
[Source "ChessBase"]
[SourceDate "1996.11.15"]
[SourceVersion "1"]
[SourceVersionDate "1996.11.15"]
[SourceQuality "1"]

1. e4 e6 2. d4 d5 3. Nd2 Nf6 4. e5 Nfd7 5. f4 c5 6. c3 Nc6 7. Ndf3 Qb6 8. g3 cxd4 9. cxd4 Bb4+ 10. Kf2 g5 11. h3 f6 12. Be3 0-0 13. Ne2 Rf7 14. Rg1 Kh8 15. Rc1 gxf4 16. gxf4 fxe5 17. fxe5 Bf8 18. Qd2 a5 19. Rg4 Qb4 20. Rf4 Qxd2 21. Nxd2 Kg8 22. h4 a4 23. Bh3 Nb6 24. a3 Bd7 25. Rxf7 Kxf7 26. Bg4 Bg7 27. Nf4 Rc8 28. Nd3 Bf8 29. Bh5+ Kg8 30. Ke2 Na5 31. Rg1+ Kh8 32. Bg5 Bg7 33. Nc5 Be8 34. Bg4 Rc6 35. Nxe6 Nbc4 36. Nxg7 Kxg7 37. Nxc4 Nxc4 38. Bc1 Kf8 39. Bf5 h6 40. Kd3 Rb6 1-0